000 00351 a2200157 4500
001 60499
020 _a
040 _cAnchieta - Pituba
100 _aFrost, Raymond
240 1 0 _aSociedades subdesenvolvidas
_lpor
245 1 0 _aSociedades subdesenvolvidas
300 _a188
362 0 _a1965
650 4 _aSociologia e Antropologia
942 _cBK
999 _c60499
_d60499